[Event "AUTO-OPEN-868"]
[Site "http://www.queenalice.com/game.php?id=471979"]
[Date "2008.10.3"]
[Round "3"]
[White "aesnihc"]
[Black "josecastroman"]
[Result "0-1"]
[WhiteElo "1922"]
[BlackElo "1925"]

1. e4 e5 2. Nf3 Nc6 3. Bc4 Bc5 4. O-O d6 5. h3 h6 6. c3 Nf6 7. Re1 g5 8. d4 Bb6
9. a4 a6 10. a5 Ba7 11. d5 Ne7 12. Nbd2 g4 13. hxg4 Bxg4 14. Qc2 Qd7 15. b4 Nh5
16. Nh2 Rg8 17. Nxg4 Qxg4 18. Bf1 Nf4 19. g3 Qxg3+ 0-1

[Event "AUTO-MASTER-634"]
[Site "http://www.queenalice.com/game.php?id=475978"]
[Date "2008.10.11"]
[Round "1"]
[White "aesnihc"]
[Black "enzoiazo"]
[Result "0-1"]
[WhiteElo "1893"]
[BlackElo "2344"]

1. e4 Nf6 2. Nc3 d5 3. exd5 Nxd5 4. Nxd5 Qxd5 5. d3 Bf5 6. Qf3 Qxf3 7. Nxf3 e6
8. Bd2 Nc6 9. Nh4 Bg4 10. h3 Bh5 11. g4 Bg6 12. Bg2 Nd4 13. O-O-O O-O-O 14. Nxg6
hxg6 15. Be3 c5 16. c3 Nb5 17. a4 Nc7 18. c4 Be7 19. Kc2 Na6 20. Bd2 Rd7 21. Bc3
Bf6 22. f4 Rhd8 23. Be4 Kc7 24. g5 Bd4 25. Ba5+ b6 26. Bc3 Rh8 27. h4 Nb8 28. b4
Nc6 29. b5 Ne7 30. Bxd4 Rxd4 31. Kc3 f5 32. gxf6 gxf6 33. Rdf1 Kd6 34. Rf3 Rh6
35. Rg3 f5 36. Bf3 Rxf4 37. Rgh3 e5 38. Bg2 Rd4 39. h5 g5 40. Rf1 g4 41. Rhh1 f4
42. Be4 Ng8 43. Bg6 Ke6 44. Rhg1 Nf6 45. Re1 g3 46. Re2 f3 0-1

[Event "AUTO-MASTER-634"]
[Site "http://www.queenalice.com/game.php?id=475979"]
[Date "2008.10.11"]
[Round "1"]
[White "enzoiazo"]
[Black "aesnihc"]
[Result "1-0"]
[WhiteElo "2279"]
[BlackElo "1946"]

1. d4 d5 2. Nf3 Nc6 3. Bf4 Nf6 4. e3 Bg4 5. Be2 Ne4 6. Nbd2 e6 7. O-O Bd6 8. Ne5
Bxe2 9. Qxe2 Nxd2 10. Qxd2 f6 11. Nxc6 bxc6 12. Bxd6 cxd6 13. b3 O-O 14. Qd3 c5
15. Rfc1 Qc7 16. c4 Rac8 17. cxd5 exd5 18. dxc5 dxc5 19. Qxd5+ Kh8 20. Rc2 Rfd8
21. Qf3 Qe5 22. Rac1 h6 23. g3 Rd5 24. b4 c4 25. Rxc4 Rxc4 26. Rxc4 1-0

[Event "AUTO-MASTER-634"]
[Site "http://www.queenalice.com/game.php?id=475980"]
[Date "2008.10.11"]
[Round "1"]
[White "aesnihc"]
[Black "goldenboy"]
[Result "0-1"]
[WhiteElo "1901"]
[BlackElo "2096"]

1. e4 e5 2. Nf3 Nc6 3. Bc4 Bc5 4. c3 d6 5. h3 Nf6 6. d3 O-O 7. O-O h6 8. Be3 Bb6
9. a4 a6 10. Bxb6 cxb6 11. Nbd2 d5 12. exd5 Nxd5 13. Re1 f6 14. Qc2 Be6 15. d4
Qd6 16. dxe5 fxe5 17. Qg6 Rf6 18. Qg3 Rf5 19. Ne4 Qe7 20. Nh4 Rf7 21. Rad1 Rd8
22. Ng6 Qc7 23. Bb3 Nf4 24. Bxe6 Nxe6 25. Nd2 Nf4 26. Nh4 Nd3 27. Re2 Nxb2 28.
Rde1 Nd3 29. Rd1 Qe7 30. Nc4 Nf4 31. Red2 Rxd2 32. Rxd2 Qe6 33. Nxb6 Rf8 34. Rd7
Ne2+ 0-1

[Event "AUTO-MASTER-634"]
[Site "http://www.queenalice.com/game.php?id=475981"]
[Date "2008.10.11"]
[Round "1"]
[White "goldenboy"]
[Black "aesnihc"]
[Result "1/2-1/2"]
[WhiteElo "2053"]
[BlackElo "1918"]

1. e4 c5 2. f4 e5 3. Nf3 exf4 4. Bc4 d6 5. d4 cxd4 6. Qxd4 Nc6 7. Bb5 Bd7 8.
Bxc6 bxc6 9. Bxf4 Be6 10. Ng5 Qb6 11. Nxe6 fxe6 12. Qxb6 axb6 13. Nc3 e5 14. Be3
Rb8 15. O-O-O Nf6 16. Bg5 Be7 17. Bxf6 gxf6 18. Rdf1 Rg8 19. g3 Kd7 20. Nd1 Ra8
21. a3 b5 22. Ne3 Ra4 23. Nf5 Rxe4 24. Nxe7 Kxe7 25. Rf5 Rg5 26. Rhf1 Rxf5 27.
Rxf5 Rg4 28. Rh5 Rg7 29. Kd2 d5 30. g4 Ke6 31. h3 c5 32. Ke3 c4 33. c3 Rd7 34.
Rh6 d4+ 35. cxd4 exd4+ 36. Kd2 d3 37. g5 Kf5 38. Rxf6+ Kxg5 39. Rc6 Rd5 40. a4
bxa4 41. Rxc4 Rb5 42. h4+ Kh5 43. Kxd3 Rxb2 44. Rxa4 Rb3+ 45. Ke2 Rg3 46. Kf2
Rg8 47. Kf3 h6 48. Rf4 Rg1 49. Kf2 Rg8 50. Kf3 Rg7 51. Kf2 Rg4 52. Rxg4 1/2-1/2

[Event "AUTO-MASTER-634"]
[Site "http://www.queenalice.com/game.php?id=475982"]
[Date "2008.10.11"]
[Round "1"]
[White "aesnihc"]
[Black "Diego_Silveira"]
[Result "0-1"]
[WhiteElo "1892"]
[BlackElo "1992"]

1. e4 c6 2. c4 d5 3. exd5 cxd5 4. d4 Nf6 5. Nc3 Nc6 6. Be3 Bf5 7. b3 e6 8. Nf3
Bb4 9. Rc1 Qa5 10. Bd2 Ba3 11. Nb5 Bb4 12. a4 O-O 13. c5 Ne4 14. Be2 a6 15. Nd6
Nxd6 16. cxd6 Rfd8 17. O-O Rxd6 18. Bf4 Rdd8 19. Ne5 Nxe5 20. Bxe5 Rac8 21. Rxc8
Rxc8 22. h3 Rc3 23. Bg4 Bc2 24. Qd2 Bxb3 25. Qg5 Bf8 26. f4 h6 27. Qh4 Rc2 28.
f5 Qd2 29. Bf3 Bc4 30. Rd1 Qe3+ 31. Kh1 b5 0-1

[Event "AUTO-MASTER-634"]
[Site "http://www.queenalice.com/game.php?id=475983"]
[Date "2008.10.11"]
[Round "1"]
[White "Diego_Silveira"]
[Black "aesnihc"]
[Result "1-0"]
[WhiteElo "2020"]
[BlackElo "1834"]

1. d4 d5 2. c4 dxc4 3. e4 e6 4. Bxc4 Bb4+ 5. Nc3 Bxc3+ 6. bxc3 Ne7 7. Nf3 c5 8.
O-O O-O 9. Rb1 Nbc6 10. Re1 cxd4 11. cxd4 b6 12. Ba3 Bb7 13. d5 Na5 14. Bb5 exd5
15. exd5 Nxd5 16. Bxf8 Qxf8 17. Rc1 Nf4 18. Qd2 Ne6 19. Qe3 Rd8 20. Red1 Rxd1+
21. Rxd1 Qb4 22. Bd7 Nf8 23. Qe8 Bxf3 24. gxf3 Qf4 25. Bg4 h6 26. Rd8 Qc1+ 27.
Kg2 Qa3 28. Ra8 Nc4 29. Qb8 a5 30. Qc7 Qxa2 31. Rxf8+ 1-0

[Event "AUTO-MASTER-658"]
[Site "http://www.queenalice.com/game.php?id=491187"]
[Date "2008.11.10"]
[Round "1"]
[White "aesnihc"]
[Black "Artking"]
[Result "1-0"]
[WhiteElo "1909"]
[BlackElo "1953"]

1. e4 c5 2. Nf3 a6 3. Bc4 Nc6 4. c3 d6 5. O-O Nf6 6. d3 g6 7. Ng5 Ne5 8. Qb3
Nxc4 9. Qxc4 e6 10. f4 Bg7 11. e5 Nd5 12. exd6 Qxd6 13. Nd2 b5 14. Qe4 Bb7 15.
Qe2 Nxf4 16. Qf2 Qc6 17. Ndf3 e5 18. Bxf4 exf4 19. Rae1+ Kf8 20. Ne4 Rc8 21. d4
cxd4 22. Nxd4 Qd5 23. Qxf4 Be5 24. Qf2 Rc4 25. Ng5 Rc7 26. Nde6+ Kg8 27. Nxc7
Bxc7 28. Qxf7+ Qxf7 29. Rxf7 Bb6+ 30. Kh1 Bc6 31. Ree7 Bd5 32. Re8# 1-0

[Event "AUTO-MASTER-658"]
[Site "http://www.queenalice.com/game.php?id=491188"]
[Date "2008.11.10"]
[Round "1"]
[White "Artking"]
[Black "aesnihc"]
[Result "0-1"]
[WhiteElo "1872"]
[BlackElo "1891"]

1. e4 c5 2. Nf3 Nc6 3. d4 cxd4 4. Nxd4 d6 5. Nc3 Bd7 6. Be3 a6 7. Qd2 Nxd4 8.
Qxd4 e5 9. Qd2 Nf6 10. f3 Bc6 11. Bc4 Be7 12. O-O-O O-O 13. g4 b5 14. Bb3 a5 15.
h4 a4 16. Bd5 Nxd5 17. exd5 Bd7 18. g5 a3 19. Qg2 axb2+ 20. Kxb2 Qa5 21. a4 b4
22. Nb5 Bxb5 0-1

[Event "AUTO-MASTER-658"]
[Site "http://www.queenalice.com/game.php?id=491189"]
[Date "2008.11.10"]
[Round "1"]
[White "aesnihc"]
[Black "pjhunt"]
[Result "0-1"]
[WhiteElo "1923"]
[BlackElo "2308"]

1. h3 d5 2. d4 Nf6 3. Nc3 h6 4. Bf4 g5 5. Be5 Nbd7 6. e3 c6 7. Bxf6 Nxf6 8. Qd2
Bf5 9. Bd3 e6 10. Bxf5 exf5 11. O-O-O Bb4 12. a3 Ne4 13. Qe1 Nxc3 14. axb4 Nxd1
15. Qxd1 a5 16. bxa5 Qxa5 17. Qf3 Qe1+ 0-1

[Event "AUTO-MASTER-658"]
[Site "http://www.queenalice.com/game.php?id=491190"]
[Date "2008.11.10"]
[Round "1"]
[White "pjhunt"]
[Black "aesnihc"]
[Result "1-0"]
[WhiteElo "2301"]
[BlackElo "1925"]

1. c4 Nf6 2. Nc3 e6 3. e4 c5 4. e5 Ng8 5. Nf3 Nc6 6. d4 cxd4 7. Nxd4 d6 8. Nxc6
bxc6 9. Bf4 d5 10. Be2 Bc5 11. O-O Bb7 12. Na4 Bb6 13. Qb3 Ne7 14. c5 Ng6 15.
Bg3 Qe7 16. cxb6 1-0

[Event "AUTO-MASTER-658"]
[Site "http://www.queenalice.com/game.php?id=491191"]
[Date "2008.11.10"]
[Round "1"]
[White "aesnihc"]
[Black "mandaragit"]
[Result "0-1"]
[WhiteElo "1921"]
[BlackElo "2285"]

1. e4 c5 2. Nf3 d6 3. Bc4 Nc6 4. O-O Nf6 5. d3 Bg4 6. Bg5 e6 7. Nbd2 Be7 8. h3
Bh5 9. c3 a6 10. Bb3 Qc7 11. Qe1 h6 12. Be3 O-O 13. Bc2 d5 14. exd5 Nxd5 15. c4
Ndb4 16. Bb1 Rad8 17. a3 Nxd3 18. Bxd3 Rxd3 19. Qc1 Rfd8 20. Ne1 R3d7 21. Ndf3
b6 22. b3 Bf6 23. Ra2 Rd1 24. Qc2 Bg6 25. Qe2 R1d7 26. Kh1 e5 27. g3 Nd4 28.
Bxd4 cxd4 29. Ng2 d3 30. Qd1 Be4 31. Re1 Qc6 32. Rxe4 Qxe4 33. Nd2 Qf5 34. Kh2
Qxf2 0-1

[Event "AUTO-MASTER-658"]
[Site "http://www.queenalice.com/game.php?id=491192"]
[Date "2008.11.10"]
[Round "1"]
[White "mandaragit"]
[Black "aesnihc"]
[Result "1-0"]
[WhiteElo "2270"]
[BlackElo "1927"]

1. d4 d5 2. Nf3 Nc6 3. Bf4 Bf5 4. e3 Nf6 5. Bb5 e6 6. Nbd2 Bb4 7. c3 Bd6 8. O-O
O-O 9. Bxc6 bxc6 10. b4 Ne4 11. Nxe4 Bxf4 12. exf4 Bxe4 13. Ne5 Qe8 14. Qa4 c5
15. Qxe8 Rfxe8 16. dxc5 f6 17. Ng4 Bd3 18. Rfe1 Bc4 19. Ne3 Rad8 20. Nxc4 dxc4
21. Rad1 Kf7 22. f3 h5 23. Kf2 Rd5 24. Rxd5 exd5 25. Rxe8 Kxe8 26. b5 Kd7 27.
Ke3 c6 28. a4 cxb5 29. axb5 g6 30. Kd4 Ke6 31. g3 1-0

[Event "AUTO-OPEN-901"]
[Site "http://www.queenalice.com/game.php?id=491804"]
[Date "2008.11.11"]
[Round "3"]
[White "ayrton"]
[Black "aesnihc"]
[Result "1-0"]
[WhiteElo "1975"]
[BlackElo "1905"]

1. e4 c5 2. Nf3 Nc6 3. Be2 d6 4. O-O e6 5. Re1 Be7 6. c3 Nf6 7. Bb5 O-O 8. Bxc6
bxc6 9. d3 Ba6 10. b3 h6 11. c4 Qc7 12. g3 Rfe8 13. Bf4 Nd7 14. Nc3 Bb7 15. Na4
Nb6 16. Nxc5 Qc8 17. Nxb7 Qxb7 18. Nd2 e5 19. Be3 d5 20. c5 Nd7 21. Qg4 Kh8 22.
b4 Nf6 23. Qf5 d4 24. Bxh6 gxh6 25. a3 1-0

[Event "AUTO-OPEN-901"]
[Site "http://www.queenalice.com/game.php?id=491805"]
[Date "2008.11.11"]
[Round "3"]
[White "aesnihc"]
[Black "ayrton"]
[Result "0-1"]
[WhiteElo "1919"]
[BlackElo "1961"]

1. e4 e5 2. Nf3 Nc6 3. Bc4 Be7 4. d4 d6 5. c3 Nf6 6. Qc2 O-O 7. d5 Na5 8. Bd3 b6
9. O-O Bg4 10. Nbd2 Qd7 11. a4 c6 12. b4 Nb7 13. Bb2 cxd5 14. exd5 g6 15. c4
Rac8 16. b5 Nxd5 17. h3 Bxf3 18. Nxf3 f5 19. Nh2 Nb4 20. Qb1 Nxd3 21. Qxd3 Qe6
22. Rac1 Na5 23. Qd5 Qxd5 24. cxd5 Bg5 25. Rc3 Rxc3 26. Bxc3 Rc8 0-1

[Event "AUTO-MASTER-710"]
[Site "http://www.queenalice.com/game.php?id=520263"]
[Date "2009.1.10"]
[Round "1"]
[White "LadyAndrea"]
[Black "aesnihc"]
[Result "0-1"]
[WhiteElo "1758"]
[BlackElo "1878"]

1. d4 g6 2. e3 Bg7 3. Bd3 d5 4. Nh3 Bxh3 5. gxh3 Nf6 6. Nc3 O-O 7. Bd2 Nbd7 8.
Qf3 e5 9. dxe5 Nxe5 10. Qe2 Nxd3+ 11. Qxd3 c6 12. O-O-O Ne4 13. Nxe4 dxe4 14.
Qxe4 Re8 15. Qc4 Qf6 16. Bc3 Qxf2 17. Rhf1 Qxe3+ 18. Bd2 Qe6 19. Qxe6 Rxe6 20.
Bg5 h6 21. Bf4 b6 22. Rd3 c5 23. Rfd1 Rae8 24. Rd8 Kh7 25. R8d7 g5 26. Bg3 a6
27. c3 b5 28. Rxf7 Kg6 29. Rdd7 Bf6 30. Kc2 c4 31. b4 h5 32. Bc7 Re2+ 33. Kd1
Re1+ 34. Kd2 R8e2# 0-1

[Event "AUTO-MASTER-710"]
[Site "http://www.queenalice.com/game.php?id=520264"]
[Date "2009.1.10"]
[Round "1"]
[White "aesnihc"]
[Black "LadyAndrea"]
[Result "1-0"]
[WhiteElo "1882"]
[BlackElo "1677"]

1. c4 d5 2. cxd5 Qxd5 3. Nc3 Qd8 4. e4 e6 5. d4 Bb4 6. Nf3 h6 7. Bb5+ c6 8. Ba4
Bxc3+ 9. bxc3 b5 10. Bb3 Nf6 11. Bc2 O-O 12. O-O Bb7 13. Qd3 Nbd7 14. e5 Nxe5
15. Nxe5 Qd5 16. Ng4 Qf5 17. Nxf6+ Kh8 18. Qxf5 exf5 19. Nd7 Rfe8 20. Bxf5 Rad8
21. Be3 Bc8 22. Ne5 Rxe5 23. dxe5 Bxf5 24. Rfd1 Re8 25. f4 a6 26. Rd6 Be4 27. a4
Bd5 28. axb5 axb5 29. g3 g6 30. h4 h5 31. Ra7 Kg7 32. Bd4 Re6 33. Kf2 Kf8 34.
Bc5 Kg7 35. Rd8 Bc4 36. Bf8+ 1-0

[Event "AUTO-MASTER-710"]
[Site "http://www.queenalice.com/game.php?id=520285"]
[Date "2009.1.10"]
[Round "1"]
[White "salso"]
[Black "aesnihc"]
[Result "0-1"]
[WhiteElo "2047"]
[BlackElo "1848"]

1. e4 c5 2. h4 e6 3. b3 d6 4. Bb2 Nc6 5. Bb5 Bd7 6. Bxc6 Bxc6 7. d3 Nf6 8. h5 h6
9. Qf3 Be7 10. Nd2 O-O 11. Ne2 b5 12. Nf4 a5 13. c4 b4 14. O-O e5 15. Nd5 Nxd5
16. cxd5 Bb5 17. Nc4 Bd7 18. Bc1 f5 19. Qe2 fxe4 20. dxe4 Bb5 21. Qg4 Bg5 22.
Bxg5 Qxg5 23. Qe6+ Rf7 24. Nxd6 Bxf1 25. Rxf1 Qxh5 26. Nxf7 Qxf7 27. Qxf7+ Kxf7
28. f4 exf4 29. Rxf4+ Ke7 30. Kf2 a4 31. Rf3 axb3 32. axb3 Ra2+ 33. Kg3 c4 34.
Kf4 c3 35. Rf1 Rxg2 36. e5 Rb2 37. Rg1 g5+ 38. Kf5 Rf2+ 39. Ke4 Rd2 40. Ra1 c2
41. Rc1 h5 42. Kf5 g4 43. d6+ Kd7 44. Kf6 Rf2+ 45. Kg5 g3 46. Re1 g2 47. e6+
Kxd6 48. e7 g1=Q+ 49. Rxg1 Kxe7 50. Kxh5 Kd6 51. Kg4 Rd2 52. Rc1 Kd5 53. Kf3 Kd4
54. Kf4 Kd3 0-1

[Event "AUTO-MASTER-710"]
[Site "http://www.queenalice.com/game.php?id=520286"]
[Date "2009.1.10"]
[Round "1"]
[White "aesnihc"]
[Black "salso"]
[Result "1/2-1/2"]
[WhiteElo "1872"]
[BlackElo "2033"]

1. e4 Nf6 2. Nc3 e5 3. Nf3 d6 4. d4 Nbd7 5. Bc4 Be7 6. O-O c6 7. dxe5 dxe5 8.
Bg5 Qc7 9. Bh4 b5 10. Bb3 Nc5 11. Bg3 Bd6 12. Ng5 O-O 13. f4 Nxb3 14. axb3 h6
15. fxe5 Bxe5 16. Bxe5 Qxe5 17. Nf3 Qh5 18. Qd6 Bg4 19. Qxc6 Bxf3 20. Rxf3 Rfc8
21. Qxb5 Qxb5 22. Nxb5 Nxe4 23. Re3 f5 24. Nd4 g6 25. g4 Nf6 26. gxf5 gxf5 27.
Nxf5 Rxc2 28. Nxh6+ Kh7 29. Nf5 Rxb2 30. Nd4 Rd2 31. Nc6 Rg8+ 32. Kf1 Rgg2 33.
Rxa7+ Kh6 34. Rh3+ Nh5 35. Re7 Rg5 36. Ree3 Rc5 37. Ne5 Rc1+ 38. Re1 Rxe1+ 39.
Kxe1 Rb2 40. Nc4 Ra2 41. Kd1 Kg5 42. Nd2 Nf4 43. Re3 Ra1+ 44. Kc2 Ra2+ 45. Kc3
Nd5+ 46. Kd3 Nxe3 47. Kxe3 Kg4 48. Kd3 Kh3 49. Kc3 Kxh2 50. Nc4 Kg3 51. b4 Kf4
52. Kd4 Kf5 53. Kc5 Ke6 54. b5 Kd7 55. Kb6 Rc2 56. Na5 Rb2 57. Nc6 Rxb5+ 58.
Kxb5 1/2-1/2

[Event "Challenge"]
[Site "http://www.queenalice.com/game.php?id=556632"]
[Date "2009.3.15"]
[Round "-"]
[White "jnable"]
[Black "aesnihc"]
[Result "0-1"]
[WhiteElo "2009"]
[BlackElo "1825"]

1. e4 c5 2. Nf3 Nc6 3. c3 Nf6 4. e5 Ng4 5. d4 cxd4 6. cxd4 e6 7. h3 Bb4+ 8. Nc3
Nh6 9. Bxh6 gxh6 10. Qd2 d5 11. Qxh6 Bd7 12. Qg7 Rf8 13. Qxh7 Qb6 14. Qd3 O-O-O
15. a3 Be7 16. b4 f6 17. Rc1 fxe5 18. b5 Bxa3 19. Rc2 e4 20. Nxe4 dxe4 21. Qxe4
Qa5+ 22. Nd2 Bb4 23. bxc6 Qa1+ 24. Ke2 Bxc6 25. Qxe6+ Kb8 26. Qe5+ Ka8 27. Nb3
Qe1+ 0-1

[Event "BOARD 2 - DIV. H"]
[Site "http://www.queenalice.com/game.php?id=578322"]
[Date "2009.4.26"]
[Round "4"]
[White "aesnihc"]
[Black "nemesisdebogota"]
[Result "0-1"]
[WhiteElo "1889"]
[BlackElo "2125"]

1. e4 e6 2. Nf3 d5 3. exd5 exd5 4. d4 Bd6 5. Bd3 Ne7 6. O-O O-O 7. Bg5 f6 8. Be3
Bf5 9. Nh4 Bxd3 10. Qxd3 Qd7 11. Nd2 g5 12. Nhf3 Qf5 13. Qb3 Nbc6 14. c4 Na5 15.
Qa4 Nxc4 16. Nxc4 dxc4 17. Qxc4+ Qd5 18. Rfc1 Qxc4 19. Rxc4 Rfe8 20. Re1 Nd5 21.
a3 Re6 22. Rc2 Rae8 23. Rce2 Bf4 24. g3 Bxe3 25. fxe3 Rxe3 26. Kf2 Rxe2+ 27.
Rxe2 Rxe2+ 0-1